Prechodné bývanie

Guardado en:
Detalles Bibliográficos
Autor principal: Konečný, Lukáš, 1988- (Autor)
Otros Autores: Nagy, Tomáš, 1978- (Orientador)
Formato: Manuscrito Libro
Lenguaje:eslovaco
Publicado: Bratislava : STU v Bratislave FA, 2014
Materias:
Acceso en línea:VAIS
Etiquetas: Agregar Etiqueta
Sin Etiquetas, Sea el primero en etiquetar este registro!

MARC

LEADER 00000ntm a22000003a 4500
001 stu290783
005 20210316122908.9
008 140610s2014----xo------------------slo-d
040 |a STU  |b slo 
041 0 |a slo 
044 |a xo 
100 1 |a Konečný, Lukáš,  |d 1988-  |4 aut  |u A  |T FAD Fakulta architektúry  |X 59482  |U A  |Y 50  |7 A000059482 
242 0 0 |a transitional housing  |y eng 
245 1 |a Prechodné bývanie 
260 |a Bratislava :  |b STU v Bratislave FA,  |c 2014 
650 7 |a design  |2 estusub 
650 7 |a exteriér  |2 stusub 
700 1 |a Nagy, Tomáš,  |d 1978-  |4 ths  |u A9190  |U FAD Fakulta architektúry a dizajnu  |U FAD Fakulta architektúry  |T FA Ústav dizajnu  |X 38275  |U A9190  |Y 400  |7 A000038275 
856 4 |a info a plný text  |u http://is.stuba.sk/zp/portal_zp.pl?podrobnosti=101103  |u https://opac.crzp.sk/?fn=detailBiblioForm&sid=CBD6E88493DC1C70E5713A276299  |3 VAIS